Science awakening II : the birth of astronomy

Αποθηκεύτηκε σε:
Λεπτομέρειες βιβλιογραφικής εγγραφής
Κύριος συγγραφέας: Waerden, B. L. van der (Bartel Leendert) 1903-1996
Άλλοι συγγραφείς: Huber, Peter
Μορφή: Βιβλίο
Γλώσσα:English
German
Δημοσίευση: Leyden : New York : Noordhoff International Publishing ;, Oxford University Press, 1974
Θέματα:
Ετικέτες: Προσθήκη ετικέτας
Δεν υπάρχουν, Καταχωρήστε ετικέτα πρώτοι!

MARC

LEADER 00000cam a2200000 i 4500
001 1/3547
008 000521s1974 eng d
020 |a 90-01-93103-0 (NIP) 
020 |a 0-19-519753-4 (OUP) 
035 |l 10060835 
040 |a GR-MY-UA  |b gre  |e aacr 
041 1 |a eng  |a ger 
082 0 |a 520.9 
100 1 |a Waerden, B. L. van der  |q (Bartel Leendert)  |d 1903-1996. 
245 1 0 |a Science awakening II :  |b the birth of astronomy /  |c by Bartel L. van der Waerden ; with contributions by Peter Huber 
246 3 3 |a The birth of astronomy 
260 |a Leyden :   |a New York :   |b Noordhoff International Publishing ;,   |b Oxford University Press,   |c 1974 
300 |a xiv, 347 p.;  |b ill.;  |c 26 cm. 
650 0 0 |a Astronomy  |x History. 
700 1 |a Huber, Peter. 
852 |a INST  |b SAMOS  |e 20000521  |h 520.9 WAE  |p 005300015504  |q 005300015504  |t BK  |y 0 
901 |a BIBL3-2000-2 
909 |a Σ  |b 067614 
922 |a 3ΕΛΗ  |b 200002  |c ΕΠΕΑΕΚ/ΜΑΘ  |d ΠΑΠΑΣΩΤΗΡΙΟΥ 
970 |z 2000/05/ΜΠΡΑΤΤΗΣ